• 首页
  • 本馆介绍
  • 公告通知
  • 最新文献
  • 馆藏检索
  • 电子资源
  • 读者导购
  • 参考咨询
  • 我的图书馆
  • 登录
  • 详细信息显示
  • 放入我的书架
  • 预约/预借图书
  • 作者相关作品
  • 分类相关作品
  • 丛书相关作品
  • 出版社相关作品

书目信息

  • 表格格式
  • 工作单格式
  • 卡片格式
题名:
《实践论》解释
    
 
作者: 李琪 著
分册:  
出版信息: 太原   山西人民出版社  1984
页数: 230页
开本: 21cm
丛书名:
单 册:
中图分类: A841.2
科图分类:
主题词: 毛泽东著作研究--单行本
电子资源:
ISBN:
000 00648nam0 2200229 45
001 0184010329
005 20060105094126.76
010    @dCNY0.82
091    @a2088.93
100    @a19950616d1984 em y0chiy0121 ea
101 0  @achi
102    @aCN@b140000
105    @ay z 000yy
200 12 @a《实践论》解释@A《Shi Jian Lun》Jie Shi@a《矛盾论》浅说@A《Mao Dun Lun》Qian Shuo@f李琪著@FLi Qi Zhu
210    @a太原@c山西人民出版社@d1984
215    @a230页@d21cm
606 0  @a毛泽东著作研究@x单行本
690    @aA841.2@v3
701  0 @a李琪@4著
801  2 @aCN@bNLC@c20060105
801  0 @aCN@b上海图书馆@c20040424
905    @dA841.2@e12@f1@b114334
    
    《实践论》解释;《矛盾论》浅说/李琪著.-太原:山西人民出版社,1984
    230页;21cm
    
    
    ISBN :CNY0.82
    
●
相关链接 在E读中查询图书 在五车中查询图书 在当当中查询图书 在豆瓣中查询图书


正题名:《实践论》解释     索取号:A841.2/12         预约/预借

序号 登录号 条形码 馆藏地/架位号 状态 备注
1 0114330   001389571   第一借阅区/ [索取号:A841.2/12] 在馆    
2 0114331   001389599   第一借阅区/ [索取号:A841.2/12] 在馆    
3 0114332   001389278   第一借阅区/ [索取号:A841.2/12] 在馆    
4 0114333   202186017   密集书库/ [索取号:A841.2/12] 在馆    
5 0114334   001389580   第一样本阅览室/ [索取号:A841.2/12] 在馆    
唐山师范学院图书馆 欢迎您!
大连网信软件有限公司© 版权所有